[Event "Kvika Reykjavik Open 2022"]
[Site "Reykjavik, Iceland"]
[Date "2022.04.07"]
[Round "3.29"]
[White "Cramling Bellon, Anna"]
[Black "Hedman, Erik"]
[Result "0-1"]
[WhiteElo "2057"]
[BlackElo "2362"]
[PlyCount "68"]
[EventDate "2022.??.??"]

1. d4 {[%eval 3,0]} Nf6 {[%eval 23,0]} 2. c4 {[%eval 2,0]} g6 {[%eval 3,0]} 3.
Nc3 {[%eval 31,0]} Bg7 {[%eval 7,0]} 4. e4 {[%eval 67,0]} d6 {[%eval 73,0]} 5.
h3 {[%eval 69,0]} O-O {[%eval 64,0]} 6. Nf3 {[%eval 32,0]} e5 {[%eval 39,0]} 7.
d5 {[%eval 32,0]} a5 {[%eval 54,0]} 8. Bg5 {[%eval 68,0]} Na6 {[%eval 67,0]} 9.
Be2 {[%eval 77,0]} Qe8 {[%eval 8,0]} 10. g4 {[%eval 54,0]} Nd7 {[%eval 73,0]}
11. Qd2 $6 {[%eval 0,0] Inaccuracy. a3 was best.} (11. a3 Nb6) 11... Ndc5 {
[%eval 0,0]} 12. O-O-O {[%eval 0,0]} Bd7 {[%eval 0,0]} 13. Rdg1 $6 {[%eval 89,
0] Inaccuracy. Bh6 was best.} (13. Bh6 Ba4 14. Bxg7 Kxg7 15. Rdf1 Nb4 16. Qe3
Nc2 17. Qd2) 13... c6 {[%eval -87,0]} 14. Qe3 {[%eval -74,0]} Nb4 $6 {[%eval
59,0] Inaccuracy. cxd5 was best.} (14... cxd5) 15. h4 $4 {[%eval -286,0]
Blunder. Bh6 was best.} (15. Bh6 Bxh6) 15... cxd5 {[%eval -237,0]} 16. cxd5 {
[%eval -259,0]} f6 {[%eval -112,0]} 17. Bh6 {[%eval -264,0]} Bxh6 {[%eval -392,
0]} 18. Qxh6 {[%eval -245,0]} Nbd3+ {[%eval -238,0]} 19. Kb1 $6 {[%eval -339,0]
Inaccuracy. Kc2 was best.} (19. Kc2 Nxf2) 19... Nxf2 {[%eval -329,0]} 20. g5 {
[%eval -495,0]} f5 {[%eval -364,0]} 21. h5 {[%eval -396,0]} Nxh1 {[%eval -338,
0]} 22. Rxh1 {[%eval -365,0]} Qf7 {[%eval -345,0]} 23. Nh4 {[%eval -458,0]} Qg7
{[%eval -423,0]} 24. hxg6 {[%eval -444,0]} Qxh6 {[%eval -498,0]} 25. gxh6 {
[%eval -475,0]} fxe4 $6 {[%eval -386,0] Inaccuracy. Nxe4 was best.} (25... Nxe4
26. g7) 26. Rg1 $6 {[%eval -534,0] Inaccuracy. g7 was best.} (26. g7 Rf2) 26...
Rf4 {[%eval -501,0]} 27. Ng2 {[%eval -517,0]} Rf6 {[%eval -531,0]} 28. Nh4 {
[%eval -621,0]} hxg6 {[%eval -606,0]} 29. Nxg6 {[%eval -639,0]} Kh7 {[%eval
-601,0]} 30. Ne7 {[%eval -746,0]} Rf7 {[%eval -631,0]} 31. Nxe4 {[%eval -662,0]
} Nxe4 {[%eval -649,0]} 32. Bd3 {[%eval -609,0]} Rxe7 {[%eval -633,0]} 33.
Bxe4+ {[%eval -688,0]} Kxh6 {[%eval -607,0]} 34. Rg6+ {[%eval -648,0]} Kh5 {
[%eval -628,0]} 0-1

[Event "Kvika Reykjavik Open 2022"]
[Site "Reykjavik, Iceland"]
[Date "2022.04.07"]
[Round "3.30"]
[White "Rosen, Eric"]
[Black "Dougherty, Michael"]
[Result "1-0"]
[WhiteElo "2359"]
[BlackElo "2066"]
[PlyCount "46"]
[EventDate "2022.??.??"]

1. d4 {[%eval 3,0]} g6 {[%eval 68,0]} 2. e4 {[%eval 68,0]} Bg7 {[%eval 73,0]}
3. Nc3 {[%eval 47,0]} c6 {[%eval 75,0]} 4. Nf3 {[%eval 55,0]} d5 {[%eval 25,0]}
5. h3 {[%eval 5,0]} dxe4 {[%eval 53,0]} 6. Nxe4 {[%eval 5,0]} Nd7 $6 {[%eval
104,0] Inaccuracy. Nf6 was best.} (6... Nf6 7. Nxf6+ exf6 8. Bd3 O-O 9. O-O a5
10. Re1 Na6 11. c4) 7. Bc4 {[%eval 64,0]} Ndf6 $6 {[%eval 132,0] Inaccuracy.
Ngf6 was best.} (7... Ngf6 8. Nxf6+ exf6 9. Qe2+ Qe7 10. Qxe7+ Kxe7 11. O-O Nb6
12. Re1+) 8. Ng3 {[%eval 112,0]} Nh6 {[%eval 112,0]} 9. c3 {[%eval 102,0]} O-O
{[%eval 119,0]} 10. Ne5 {[%eval 96,0]} Nd5 {[%eval 107,0]} 11. O-O {[%eval 122,
0]} Nf5 {[%eval 100,0]} 12. Nxf5 {[%eval 101,0]} Bxf5 {[%eval 119,0]} 13. Qf3 {
[%eval 105,0]} Qd6 {[%eval 94,0]} 14. Re1 {[%eval 122,0]} Rae8 {[%eval 124,0]}
15. Bb3 {[%eval 157,0]} Bc8 {[%eval 174,0]} 16. c4 {[%eval 147,0]} Nf6 {
[%eval 167,0]} 17. Be3 {[%eval 187,0]} Bf5 {[%eval 194,0]} 18. Rad1 {[%eval
202,0]} Nd7 {[%eval 212,0]} 19. Ng4 {[%eval 174,0]} Bxg4 {[%eval 149,0]} 20.
hxg4 {[%eval 162,0]} Qc7 {[%eval 152,0]} 21. Bf4 {[%eval 125,0]} Qb6 $6 {
[%eval 181,0] Inaccuracy. Qc8 was best.} (21... Qc8 22. Qg3) 22. Qg3 {[%eval
177,0]} c5 $4 {[%eval 479,0] Blunder. Qa6 was best.} (22... Qa6) 23. Ba4 {
[%eval 466,0]} Nb8 $6 {[%eval 705,0] Inaccuracy. Nf6 was best.} (23... Nf6 24.
Bxe8) 1-0

[Event "Kvika Reykjavik Open 2022"]
[Site "Reykjavik, Iceland"]
[Date "2022.04.07"]
[Round "3.31"]
[White "Ruiz Buendia, Miguel"]
[Black "Heimisson, Hilmir Freyr"]
[Result "1/2-1/2"]
[WhiteElo "2092"]
[BlackElo "2321"]
[PlyCount "144"]
[EventDate "2022.??.??"]

1. e4 {[%eval 33,0]} c5 {[%eval 32,0]} 2. Nf3 {[%eval 0,0]} d6 {[%eval 0,0]} 3.
d4 {[%eval 15,0]} cxd4 {[%eval 13,0]} 4. Nxd4 {[%eval 29,0]} Nf6 {[%eval 31,0]}
5. Nc3 {[%eval 18,0]} Nc6 {[%eval 47,0]} 6. Bg5 {[%eval 0,0]} e6 {[%eval 23,0]}
7. Qd2 {[%eval 9,0]} a6 {[%eval 29,0]} 8. O-O-O {[%eval 6,0]} Bd7 {[%eval 59,0]
} 9. f4 {[%eval 55,0]} h6 {[%eval 87,0]} 10. Bh4 {[%eval 66,0]} Be7 {[%eval 74,
0]} 11. Nf3 {[%eval 75,0]} g5 {[%eval 108,0]} 12. fxg5 {[%eval 115,0]} Ng4 {
[%eval 117,0]} 13. Be2 {[%eval 125,0]} hxg5 {[%eval 69,0]} 14. Bg3 {[%eval 102,
0]} Nge5 {[%eval 101,0]} 15. Kb1 {[%eval 99,0]} Rg8 $2 {[%eval 218,0] Mistake.
b5 was best.} (15... b5 16. Rhf1 Rb8 17. h3 b4 18. Na4 Qa5 19. b3 Nxf3 20. Bxf3
Ne5 21. Nb2 Qc7 22. Be2) 16. Nxe5 {[%eval 206,0]} Nxe5 {[%eval 221,0]} 17. Bxe5
{[%eval 217,0]} dxe5 {[%eval 225,0]} 18. Bh5 {[%eval 199,0]} Rg7 {[%eval 215,0]
} 19. Rhf1 {[%eval 204,0]} Qc7 {[%eval 206,0]} 20. Rxf7 {[%eval 202,0]} Rxf7 {
[%eval 201,0]} 21. Bxf7+ {[%eval 202,0]} Kxf7 {[%eval 237,0]} 22. Qxd7 {
[%eval 216,0]} Qxd7 {[%eval 195,0]} 23. Rxd7 {[%eval 197,0]} b5 {[%eval 244,0]}
24. Nd1 $4 {[%eval 17,0] Blunder. h3 was best.} (24. h3 Kf6 25. a3 g4 26. hxg4
Bc5 27. a4 b4 28. Rc7 Bd4 29. Na2 a5 30. Nc1 Rg8) 24... Rh8 {[%eval 59,0]} 25.
h3 {[%eval 59,0]} Rh4 {[%eval 37,0]} 26. Ra7 {[%eval 0,0]} Rxe4 {[%eval 0,0]}
27. Rxa6 $6 {[%eval 66,0] Inaccuracy. Kc1 was best.} (27. Kc1 Re2 28. Nc3 Rxg2
29. Ne4 b4 30. Nd6+ Kf8 31. Ra8+ Kg7 32. Ra7) 27... g4 {[%eval 47,0]} 28. c4 {
[%eval 37,0]} b4 {[%eval 28,0]} 29. hxg4 $6 {[%eval -75,0] Inaccuracy. Ra7 was
best.} (29. Ra7 Kf6 30. Kc2 Rxc4+ 31. Kd2 Rd4+ 32. Ke2 Re4+ 33. Kd2 Bc5 34. Rc7
gxh3 35. gxh3 Bg1) 29... Rxc4 $6 {[%eval 33,0] Inaccuracy. Rd4 was best.} (
29... Rd4 30. Nf2 e4 31. Kc2 Bh4 32. g3 e3 33. Nd3 Bxg3 34. g5 e5 35. Rf6+ Ke7
36. Rf3) 30. Ne3 {[%eval 65,0]} Re4 {[%eval 64,0]} 31. Nc2 {[%eval 46,0]} Rf4 {
[%eval 61,0]} 32. Kc1 {[%eval 47,0]} Bg5 {[%eval 5,0]} 33. Kd1 {[%eval 34,0]}
Rf2 {[%eval 4,0]} 34. Nxb4 {[%eval 15,0]} e4 {[%eval 12,0]} 35. Ra3 $2 {
[%eval -75,0] Mistake. Rc6 was best.} (35. Rc6 Rd2+ 36. Ke1 Rxb2 37. Nc2 Rxa2
38. Nd4 Bf6 39. Rxe6 Bxd4 40. Rxe4 Bf2+ 41. Kf1 Bg3) 35... Rd2+ $6 {[%eval 38,
0] Inaccuracy. Rxg2 was best.} (35... Rxg2 36. Rh3) 36. Ke1 {[%eval 74,0]} Rxb2
$6 {[%eval 13,0] Inaccuracy. Rxg2 was best.} (36... Rxg2 37. Kf1) 37. Nc6 {
[%eval 11,0]} Rxg2 {[%eval 8,0]} 38. Ra4 {[%eval 0,0]} Bh4+ {[%eval 3,0]} 39.
Kd1 {[%eval 0,0]} e3 {[%eval 8,0]} 40. Re4 {[%eval 5,0]} Rd2+ {[%eval 6,0]} 41.
Kc1 {[%eval 3,0]} Rf2 {[%eval 4,0]} 42. Kd1 {[%eval 7,0]} Rd2+ {[%eval 4,0]}
43. Kc1 {[%eval 9,0]} Rxa2 {[%eval 1,0]} 44. Kd1 {[%eval 1,0]} Rd2+ {[%eval 6,
0]} 45. Kc1 {[%eval 4,0]} Rf2 {[%eval 12,0]} 46. Kd1 {[%eval 3,0]} Rd2+ {
[%eval 5,0]} 47. Kc1 {[%eval 0,0]} Bf2 {[%eval 0,0]} 48. Ne5+ {[%eval 0,0]} Kf6
{[%eval 0,0]} 49. Nc4 {[%eval 0,0]} Re2 {[%eval 0,0]} 50. Kd1 {[%eval 0,0]}
Re1+ {[%eval 0,0]} 51. Kc2 {[%eval 0,0]} Rg1 {[%eval 7,0]} 52. Kd3 {[%eval 0,0]
} Rg3 {[%eval 0,0]} 53. Ke2 {[%eval 0,0]} Ke7 {[%eval 0,0]} 54. Kd3 {[%eval 0,
0]} Bg1 {[%eval 0,0]} 55. Ke2 {[%eval 0,0]} Kf6 {[%eval 0,0]} 56. Kd3 {[%eval
0,0]} Kf7 {[%eval 0,0]} 57. Ke2 {[%eval 0,0]} Ke7 {[%eval 0,0]} 58. Kf1 {
[%eval 4,0]} Kd7 {[%eval 0,0]} 59. Ke2 {[%eval 0,0]} Kc6 {[%eval 0,0]} 60. Nxe3
{[%eval 2,0]} Kd6 {[%eval 8,0]} 61. Nf1 {[%eval 0,0]} Rg2+ {[%eval 4,0]} 62.
Kd3 {[%eval 0,0]} e5 {[%eval 4,0]} 63. Ra4 {[%eval 0,0]} Bd4 {[%eval 11,0]} 64.
Ra6+ {[%eval 9,0]} Ke7 {[%eval 0,0]} 65. Nd2 {[%eval 0,0]} Rg3+ {[%eval 0,0]}
66. Ke4 {[%eval 0,0]} Rxg4+ {[%eval 0,0]} 67. Kd5 {[%eval 0,0]} Rg2 {[%eval 0,
0]} 68. Nf3 {[%eval 0,0]} Bc3 {[%eval 0,0]} 69. Re6+ {[%eval 0,0]} Kf8 {
[%eval 0,0]} 70. Nxe5 {[%eval 0,0]} Rg5 {[%eval 0,0]} 71. Ke4 {[%eval 0,0]}
Rxe5+ {[%eval 0,0]} 72. Rxe5 {[%eval 0,0]} Bxe5 1/2-1/2

[Event "Kvika Reykjavik Open 2022"]
[Site "Reykjavik, Iceland"]
[Date "2022.04.07"]
[Round "3.32"]
[White "White, Nigel"]
[Black "Lim, Zhuo Ren"]
[Result "1/2-1/2"]
[WhiteElo "2018"]
[BlackElo "2317"]
[PlyCount "43"]
[EventDate "2022.??.??"]

1. e4 {[%eval 33,0]} c5 {[%eval 32,0]} 2. Nf3 {[%eval 0,0]} d6 {[%eval 0,0]} 3.
d4 {[%eval 15,0]} cxd4 {[%eval 13,0]} 4. Nxd4 {[%eval 29,0]} Nf6 {[%eval 31,0]}
5. Nc3 {[%eval 18,0]} a6 {[%eval 33,0]} 6. Bg5 {[%eval 0,0]} e6 {[%eval 17,0]}
7. f4 {[%eval 1,0]} Be7 {[%eval 55,0]} 8. Qf3 {[%eval 43,0]} Qc7 {[%eval 56,0]}
9. O-O-O {[%eval 4,0]} Nbd7 {[%eval 58,0]} 10. g4 {[%eval 5,0]} h6 $6 {[%eval
105,0] Inaccuracy. b5 was best.} (10... b5 11. Bxf6 Nxf6 12. g5 Nd7 13. f5 O-O
14. Rg1 b4 15. Nce2 e5 16. Nb3 g6 17. f6) 11. Bxf6 {[%eval 82,0]} Bxf6 {
[%eval 101,0]} 12. h4 {[%eval 95,0]} Nb6 {[%eval 83,0]} 13. g5 {[%eval 100,0]}
Bxd4 {[%eval 84,0]} 14. Rxd4 {[%eval 62,0]} Qc5 {[%eval 5,0]} 15. Rd2 {[%eval
73,0]} Bd7 {[%eval 79,0]} 16. Be2 {[%eval 77,0]} O-O-O {[%eval 102,0]} 17. gxh6
{[%eval 7,0]} gxh6 {[%eval 113,0]} 18. Rhd1 {[%eval 111,0]} Bc6 {[%eval 125,0]}
19. f5 $6 {[%eval 36,0] Inaccuracy. Qh5 was best.} (19. Qh5 d5 20. exd5 Nxd5
21. Qe5 Qd6 22. Nxd5 exd5 23. Bf3 Qxe5 24. fxe5 Rhg8 25. Rf2 Rg7) 19... exf5 {
[%eval 33,0]} 20. Qxf5+ {[%eval 31,0]} Qxf5 {[%eval 15,0]} 21. exf5 {[%eval 21,
0]} Kc7 {[%eval 27,0]} 22. Rd4 {[%eval 24,0]} 1/2-1/2

[Event "Kvika Reykjavik Open 2022"]
[Site "Reykjavik, Iceland"]
[Date "2022.04.07"]
[Round "3.35"]
[White "Kartsev, Nikolay"]
[Black "Soham, Das"]
[Result "0-1"]
[WhiteElo "2041"]
[BlackElo "2303"]
[PlyCount "166"]
[EventDate "2022.??.??"]

1. e4 {[%eval 33,0]} c6 {[%eval 56,0]} 2. Nc3 {[%eval 26,0]} d5 {[%eval 24,0]}
3. Nf3 {[%eval 0,0]} Bg4 {[%eval 36,0]} 4. Be2 {[%eval 18,0]} dxe4 {[%eval 36,
0]} 5. Nxe4 {[%eval 37,0]} Nf6 {[%eval 33,0]} 6. Nxf6+ {[%eval 27,0]} exf6 {
[%eval 25,0]} 7. h3 {[%eval 43,0]} Be6 {[%eval 66,0]} 8. d4 {[%eval 55,0]} Bd6
{[%eval 35,0]} 9. O-O {[%eval 73,0]} O-O {[%eval 57,0]} 10. Be3 {[%eval 61,0]}
Re8 {[%eval 7,0]} 11. Re1 {[%eval 53,0]} Nd7 {[%eval 5,0]} 12. c4 {[%eval 5,0]}
Nf8 {[%eval 43,0]} 13. Qa4 {[%eval 16,0]} Qd7 {[%eval 6,0]} 14. d5 {[%eval 15,
0]} cxd5 {[%eval 5,0]} 15. Qxd7 {[%eval 0,0]} Bxd7 {[%eval 0,0]} 16. cxd5 {
[%eval 0,0]} Ng6 {[%eval 9,0]} 17. Nd4 {[%eval 1,0]} Be5 {[%eval 17,0]} 18.
Red1 {[%eval 24,0]} a6 {[%eval 48,0]} 19. Bg4 {[%eval 0,0]} Rad8 {[%eval 0,0]}
20. Nb3 {[%eval 45,0]} Bxg4 {[%eval 45,0]} 21. hxg4 {[%eval 43,0]} Bxb2 {
[%eval 9,0]} 22. Rab1 {[%eval 27,0]} Ba3 {[%eval 0,0]} 23. Bc5 {[%eval 0,0]}
Bxc5 {[%eval 6,0]} 24. Nxc5 {[%eval 21,0]} Nf4 {[%eval 5,0]} 25. Rxb7 {[%eval
0,0]} Ne2+ {[%eval 4,0]} 26. Kh2 {[%eval 39,0]} Nc3 {[%eval 37,0]} 27. Rd3 {
[%eval 35,0]} Nxd5 {[%eval 26,0]} 28. Nxa6 {[%eval 3,0]} Ra8 {[%eval 66,0]} 29.
Nc5 {[%eval 49,0]} Nf4 {[%eval 53,0]} 30. Rdd7 {[%eval 41,0]} Rec8 {[%eval 4,0]
} 31. Ne4 {[%eval 45,0]} Rcb8 {[%eval 44,0]} 32. Rxb8+ {[%eval 34,0]} Rxb8 {
[%eval 43,0]} 33. a4 {[%eval 14,0]} Ra8 {[%eval 46,0]} 34. a5 {[%eval 0,0]} h6
{[%eval 0,0]} 35. g3 {[%eval 0,0]} Ng6 {[%eval 0,0]} 36. Rd5 {[%eval 0,0]} Ne5
{[%eval 0,0]} 37. Nd6 {[%eval 0,0]} Nxg4+ {[%eval 0,0]} 38. Kg2 {[%eval 0,0]}
Ne5 {[%eval 0,0]} 39. Nb7 {[%eval 8,0]} Ra7 {[%eval 16,0]} 40. f4 $2 {[%eval
-66,0] Mistake. Nd6 was best.} (40. Nd6 Nc6) 40... Nc4 $2 {[%eval 0,0] Mistake.
Rxb7 was best.} (40... Rxb7 41. fxe5 Rb2+ 42. Kf3 Rb3+ 43. Kf2 fxe5 44. Rxe5
Ra3 45. Rh5 Ra4 46. Kf3 Kf8 47. g4) 41. Rc5 $6 {[%eval 63,0] Inaccuracy. Rb5
was best.} (41. Rb5 Kh7 42. Kf3 f5 43. Ke2 Kg6 44. Kd3 Nxa5 45. Nxa5 Kh5 46.
Rxf5+ Kg4 47. Rc5 Kxg3) 41... Rxb7 {[%eval 68,0]} 42. Rxc4 {[%eval 66,0]} Rb2+
{[%eval 84,0]} 43. Kf3 {[%eval 61,0]} Ra2 {[%eval 27,0]} 44. Rc5 $6 {[%eval
-97,0] Inaccuracy. Rc8+ was best.} (44. Rc8+ Kh7 45. Rc7 Kg6 46. Rc5 Ra3+ 47.
Kf2 h5 48. Rd5 Ra4 49. Kf3 Ra1 50. Ke3 Ra2) 44... Ra3+ {[%eval -98,0]} 45. Kg4
$6 {[%eval -3,0] Inaccuracy. Kf2 was best.} (45. Kf2 g5 46. fxg5 fxg5 47. Rc6
Kg7 48. a6 g4 49. Rb6 Ra4 50. Ke3 f6 51. Rb7+ Kg6) 45... g6 {[%eval -195,0]}
46. Rb5 {[%eval -165,0]} Kg7 {[%eval -6,0]} 47. Kh4 $2 {[%eval -214,0] Mistake.
Kh3 was best.} (47. Kh3 Ra4 48. Kg2 g5 49. Kh2 Kg6 50. Rd5 Ra2+ 51. Kg1 h5 52.
Kf1 Ra1+ 53. Kg2 Ra4) 47... g5+ {[%eval -202,0]} 48. Kg4 {[%eval -388,0]} Kg6 {
[%eval -393,0]} 49. f5+ {[%eval -399,0]} Kg7 {[%eval -268,0]} 50. Rc5 $6 {
[%eval -397,0] Inaccuracy. Rd5 was best.} (50. Rd5) 50... Ra4+ {[%eval -366,0]}
51. Kh5 {[%eval -375,0]} Ra1 {[%eval -215,0]} 52. Rc3 $6 {[%eval -487,0]
Inaccuracy. Kg4 was best.} (52. Kg4) 52... Rh1+ {[%eval -437,0]} 53. Kg4 {
[%eval -454,0]} h5+ {[%eval -433,0]} 54. Kf3 {[%eval -435,0]} Ra1 {[%eval -464,
0]} 55. Rc5 {[%eval -448,0]} Ra3+ {[%eval -349,0]} 56. Kf2 {[%eval -396,0]} g4
{[%eval -332,0]} 57. Rb5 {[%eval -336,0]} Kh6 {[%eval -495,0]} 58. Rb7 {
[%eval -469,0]} Rxa5 {[%eval -443,0]} 59. Rxf7 {[%eval -459,0]} Kg5 {[%eval
-493,0]} 60. Rh7 {[%eval -492,0]} Rxf5+ {[%eval -491,0]} 61. Kg2 {[%eval -472,
0]} Rc5 {[%eval -486,0]} 62. Rh8 {[%eval -475,0]} Rc2+ {[%eval -335,0]} 63. Kg1
{[%eval -394,0]} Rc7 {[%eval -345,0]} 64. Kf2 {[%eval -489,0]} Re7 {[%eval
-352,0]} 65. Rg8+ {[%eval -356,0]} Kf5 {[%eval -334,0]} 66. Rh8 {[%eval -343,0]
} Kg6 {[%eval -357,0]} 67. Rg8+ {[%eval -392,0]} Rg7 {[%eval -397,0]} 68. Rh8 {
[%eval -468,0]} Rh7 {[%eval -481,0]} 69. Ra8 {[%eval -448,0]} Kg5 {[%eval -444,
0]} 70. Rg8+ {[%eval -424,0]} Kf5 {[%eval -463,0]} 71. Ra8 {[%eval -324,0]} Rb7
{[%eval -495,0]} 72. Rh8 {[%eval -493,0]} Rb2+ {[%eval -582,0]} 73. Kg1 {
[%eval -619,0]} Ke4 {[%eval -748,0]} 74. Rxh5 {[%eval -722,0]} Kf3 {[%eval
-736,0]} 75. Rf5+ {[%eval -723,0]} Kxg3 {[%eval -704,0]} 76. Kf1 {[%eval -726,
0]} Rb1+ {[%eval -800,0]} 77. Ke2 {[%eval -608,0]} Rb6 {[%eval -603,0]} 78. Kf1
{[%eval -706,0]} Re6 {[%eval -714,0]} 79. Rf2 {[%eval -795,0]} Kh3 {[%eval
-755,0]} 80. Rf5 {[%eval -793,0]} g3 {[%eval -741,0]} 81. Rf4 {[%eval -6107,0]}
Ra6 {[%eval -5458,0]} 82. Ke2 {[%eval -6984,0]} g2 {[%eval -6784,0]} 83. Rf3+ {
[%eval -7768,0]} Kh2 {[%eval -32745,0]} 0-1

[Event "Kvika Reykjavik Open 2022"]
[Site "Reykjavik, Iceland"]
[Date "2022.04.07"]
[Round "3.36"]
[White "Ritzka, Simon"]
[Black "De Wachter, Matthias"]
[Result "0-1"]
[WhiteElo "2038"]
[BlackElo "2295"]
[PlyCount "36"]
[EventDate "2022.??.??"]

1. e4 {[%eval 33,0]} c6 {[%eval 56,0]} 2. d4 {[%eval 35,0]} d5 {[%eval 49,0]}
3. exd5 {[%eval 31,0]} cxd5 {[%eval 31,0]} 4. Bd3 {[%eval 32,0]} Nf6 {[%eval
38,0]} 5. c3 {[%eval 31,0]} Bg4 {[%eval 2,0]} 6. Qb3 {[%eval 31,0]} Qc7 {
[%eval 17,0]} 7. Ne2 {[%eval 13,0]} Bxe2 {[%eval 21,0]} 8. Bxe2 {[%eval 2,0]}
e6 {[%eval 3,0]} 9. Bf4 $4 {[%eval -597,0] Blunder. Nd2 was best.} (9. Nd2 Nc6
10. Nf3 Bd6 11. g3 O-O 12. Bd3 Rae8 13. O-O Ne4 14. Nh4 h6 15. Ng2 a6) 9...
Qxf4 {[%eval -422,0]} 10. Qxb7 {[%eval -569,0]} Qc1+ {[%eval -587,0]} 11. Bd1 {
[%eval -419,0]} Bd6 {[%eval -431,0]} 12. Qc8+ {[%eval -569,0]} Ke7 {[%eval
-525,0]} 13. Qxh8 {[%eval -569,0]} Qxb2 {[%eval -418,0]} 14. Qc8 {[%eval -685,
0]} Qxa1 {[%eval -679,0]} 15. Nd2 {[%eval -671,0]} Qb2 {[%eval -675,0]} 16. Nb3
{[%eval -773,0]} Nbd7 {[%eval -728,0]} 17. Qxa8 {[%eval -705,0]} Qxc3+ {
[%eval -881,0]} 18. Nd2 {[%eval -1093,0]} Ne4 {[%eval -1100,0]} 0-1

[Event "Kvika Reykjavik Open 2022"]
[Site "Reykjavik, Iceland"]
[Date "2022.04.07"]
[Round "3.37"]
[White "Large, Peter G"]
[Black "Steiner, Juraj"]
[Result "0-1"]
[WhiteElo "2293"]
[BlackElo "2028"]
[PlyCount "74"]
[EventDate "2022.??.??"]

1. e4 {[%eval 33,0]} e6 {[%eval 13,0]} 2. d4 {[%eval 24,0]} d5 {[%eval 25,0]}
3. Nc3 {[%eval 0,0]} Bb4 {[%eval 16,0]} 4. exd5 {[%eval 23,0]} exd5 {[%eval 17,
0]} 5. Bd3 {[%eval 21,0]} Nf6 {[%eval 9,0]} 6. a3 {[%eval 32,0]} Bxc3+ {
[%eval 4,0]} 7. bxc3 {[%eval 13,0]} Bg4 $6 {[%eval 76,0] Inaccuracy. O-O was
best.} (7... O-O 8. Ne2 b6 9. O-O Re8 10. Be3 Bg4 11. h3 Bh5 12. Qd2) 8. Ne2 {
[%eval 57,0]} O-O {[%eval 72,0]} 9. O-O {[%eval 71,0]} Nbd7 {[%eval 77,0]} 10.
Rb1 {[%eval 41,0]} Nb6 {[%eval 88,0]} 11. f3 {[%eval 47,0]} Bh5 {[%eval 36,0]}
12. Nf4 {[%eval 27,0]} Bg6 {[%eval 32,0]} 13. Nxg6 {[%eval 29,0]} fxg6 {
[%eval 35,0]} 14. Bf4 {[%eval 2,0]} Ne8 {[%eval 22,0]} 15. Qc1 {[%eval 19,0]}
Nd6 {[%eval 31,0]} 16. Re1 {[%eval 19,0]} Qd7 {[%eval 18,0]} 17. Be5 {[%eval 3,
0]} Rae8 {[%eval 23,0]} 18. Qg5 {[%eval 0,0]} c6 {[%eval 0,0]} 19. h4 {[%eval
0,0]} Nbc4 {[%eval 0,0]} 20. Bxd6 {[%eval 0,0]} Nxd6 {[%eval 0,0]} 21. h5 {
[%eval 0,0]} gxh5 {[%eval 0,0]} 22. Qxh5 {[%eval 0,0]} g6 {[%eval 0,0]} 23. Qg5
{[%eval 27,0]} Rxe1+ {[%eval 26,0]} 24. Rxe1 {[%eval 8,0]} Re8 {[%eval 11,0]}
25. Kf2 {[%eval 38,0]} Rxe1 {[%eval 4,0]} 26. Kxe1 {[%eval 34,0]} b5 {[%eval
55,0]} 27. Qf6 $6 {[%eval -75,0] Inaccuracy. Qh4 was best.} (27. Qh4 Nf7 28. f4
Kg7 29. f5 gxf5 30. Qg3+ Kf8 31. Qf4 Qe7+ 32. Kd2 Nd6 33. g4 Qf6) 27... Nf7 {
[%eval -83,0]} 28. Kf2 $2 {[%eval -149,0] Mistake. Qh4 was best.} (28. Qh4 Kg7)
28... Qd6 {[%eval -129,0]} 29. Qxd6 {[%eval -126,0]} Nxd6 {[%eval -163,0]} 30.
Ke3 {[%eval -112,0]} Kf7 {[%eval -106,0]} 31. g4 {[%eval -102,0]} h5 {[%eval
-248,0]} 32. Kf4 {[%eval -269,0]} Kf6 {[%eval -234,0]} 33. g5+ $2 {[%eval -579,
0] Mistake. Kg3 was best.} (33. Kg3 hxg4) 33... Kg7 {[%eval -413,0]} 34. Bf1 {
[%eval -699,0]} a5 {[%eval -700,0]} 35. Bh3 {[%eval -509,0]} Nc4 {[%eval -524,
0]} 36. Bd7 {[%eval -509,0]} Nxa3 {[%eval -524,0]} 37. Bxc6 {[%eval -508,0]} a4
{[%eval -556,0]} 0-1